| 000 | 00427nam a2200181Ia 4500 | ||
|---|---|---|---|
| 008 | 170705s9999 xx 000 0 und d | ||
| 020 | _a43910632x | ||
| 245 | _aMarvin redpost : | ||
| 245 | _bsuper fast, out of control! / | ||
| 245 | _cLouis Sachar. | ||
| 260 | _aNew York : | ||
| 260 | _bScholastic, | ||
| 260 | _c2000 | ||
| 300 | _a79 pages : | ||
| 300 | _bcolor illustration ; | ||
| 300 | _c19cm. | ||
| 500 | _a420 | ||
| 999 |
_c335838 _d335838 |
||